| 000 | 02992cam a2200433 i 4500 | ||
|---|---|---|---|
| 001 | 19033524 | ||
| 003 | OSt | ||
| 005 | 20231205145439.0 | ||
| 008 | 160328s2017 enka b 001 0 eng | ||
| 010 | _a 2016010853 | ||
| 020 | _a9781474294157 (hardback) | ||
| 020 | _a9781849665377 (paperback) | ||
| 020 | _z9781849665735 (PDF) | ||
| 020 | _z9781849665728 (ePub) | ||
| 040 |
_aDLC _beng _cDLC _erda _dDLC |
||
| 042 | _apcc | ||
| 050 | 0 | 0 |
_aD16.17 _b.H83 2017 |
| 082 | 0 | 0 |
_a907.21 _bHUD/H |
| 084 |
_aHIS000000 _2bisacsh |
||
| 100 | 1 |
_aHudson, Pat, _d1948- _910042 |
|
| 245 | 1 | 0 |
_aHistory by numbers : _ban introduction to quantitative approaches / _cPat Hudson and Mina Ishizu. |
| 250 | _aSecond edition. | ||
| 264 | 1 |
_aLondon ; _aNew York : _bBloomsbury Academic, an imprint of Bloomsbury Publishing Plc, _c2017. |
|
| 300 |
_axx, 339 pages : _billustrations ; _c24 cm |
||
| 336 |
_atext _btxt _2rdacontent |
||
| 337 |
_aunmediated _bn _2rdamedia |
||
| 338 |
_avolume _bnc _2rdacarrier |
||
| 504 | _aIncludes bibliographical references (pages 307-330) and index. | ||
| 505 | 0 | _a1. The Prospects and Pitfalls of History by Numbers -- 2. The Origins and Nature of Quantitative Thinking -- 3. Arranging, Rearranging and Displaying Data -- 4. Summarising Data : Averages and Distributions -- 5. Time Series and Indices -- 6. Relationships Between Variables -- 7. Sampling and Significance Testing -- 8. Economic History and Econometric History -- 9. Historical Research, Computing and the Digital Revolution -- Glossary. | |
| 520 | 2 |
_a"Fully updated and carefully revised, this new 2nd edition of History by Numbers still stands alone as the only textbook on quantitative methods suitable for students of history. Even the numerically challenged will find inspiration. Taking a problem-solving approach and using authentic historical data, it describes each method in turn, including its origin, purpose, usefulness and associated pitfalls. The problems are developed gradually and with narrative skill, allowing readers to experience the moment of discovery for each of the interpretative outcomes. Quantitative methods are essential for the modern historian, and this lively and accessible text will prove an invaluable guide for anyone entering the discipline"-- _cProvided by publisher. |
|
| 650 | 0 |
_aHistory _xStatistical methods. |
|
| 650 | 0 |
_aHistory _xResearch _xStatistical methods. |
|
| 650 | 7 |
_aHISTORY / General. _2bisacsh |
|
| 700 | 1 | _aIshizu, Mina. | |
| 776 | 0 | 8 |
_iOnline version: _aHudson, Pat, 1948- _tHistory by numbers _bSecond edition. _dLondon ; New York : Bloomsbury Academic, an imprint of Bloomsbury Publishing Plc, 2016 _z9781849665728 _w(DLC) 2016015081 |
| 906 |
_a7 _bcbc _corignew _d1 _eecip _f20 _gy-gencatlg |
||
| 942 |
_2ddc _cBK _h907.21 _iHUD/H _k907.21 _mHUD/H |
||
| 999 |
_c43801 _d43801 |
||